Anuario de derecho penal y ciencias penales

Bibliographic Details
Corporate Author: Instituto Nacional de Estudios Jurd̕icos (Espaą) (ed)
Format: Unknown
Language:Spanish
Published: Madrid : Instituto Nacional de Estudios Jurd̕icos
Subjects:
Online Access:Acceso restringido

MARC

LEADER 00000ny a22000003n 4500
005 2011051004574.0
008 940505c19489999sp tr s 0 0 b0spa c
022 |a 0210-3001 
035 |a 1717 
040 |a UMA.RE  |d UMA.DER  |d vLex 
080 |a 343(051) 
090 |c 1500  |d 1500 
245 0 0 |a Anuario de derecho penal y ciencias penales  |h [Recurso electrn̤ico] 
256 |a Servicio en ln̕ea 
260 |a Madrid :  |b Instituto Nacional de Estudios Jurd̕icos 
310 |a Cuatrimestral. Anual hasta 1967 
506 1 |a Contenido solo disponible en los productos indicados  |d vLex Global  |d vLex Global (Academic Edition, excluding Law Schools)  |d vLex Global (U.S. Academic Edition, Law Schools)  |d vLex Global (U.S. Academic Edition, excluding Law Schools)  |d vLex Global (Academic Edition, Law Schools) 
525 |a Tiene n̕dices anuales 
555 8 |a Indice acumulativo : 1948-85 
650 0 7 |a Penal  |2 Tesauro vLex 
650 0 7 |a Derecho penal  |2 Tesauro vLex 
710 2 |a Instituto Nacional de Estudios Jurd̕icos (Espaą),  |e ed 
740 0 |a vLex Revista (Servicios en ln̕ea) 
843 |a Electrn̤ica. Abierta 
853 |8 1  |i (year)  |j (month)  |k (day) 
856 4 0 |u http://vlex.com/source/1717  |z Acceso restringido 
942 |c REV